Metodología catequística
Gardado en:
| Autor Principal: | |
|---|---|
| Formato: | Libro |
| Idioma: | Lingua castelá |
| Publicado: |
Buenos Aires
Claretiana
2002
|
| Series: | La Biblioteca del Catequista. Formación
|
| Subjects: | |
| Tags: |
Engadir etiqueta
Sen Etiquetas, Sexa o primeiro en etiquetar este rexistro!
|
MARC
| LEADER | 00000nam a2200000 a 4500 | ||
|---|---|---|---|
| 001 | UCK6842 | ||
| 003 | CL-VaPUC | ||
| 008 | 051021e20020000AG |||||||||||||||||spa|d | ||
| 020 | |a 9505124597 | ||
| 082 | 0 | 4 | |a 268.6 |b DEV |2 21 |
| 100 | 0 | |a De Vos, Francisco |e author |9 496322 | |
| 245 | 1 | 0 | |a Metodología catequística |
| 300 | |a 156 p | ||
| 942 | |c BK | ||
| 945 | |d 20051021 00:00:00 |a cmena | ||
| 260 | |a Buenos Aires |b Claretiana |c 2002 | ||
| 650 | 0 | |a Catequesis |9 314526 | |
| 650 | 0 | |a Métodos de enseñanza |9 270413 | |
| 650 | 0 | |a Educación religiosa |9 308312 | |
| 583 | |a last modification |c 20051021 00:00:00 |k Rodrigo Vera | ||
| 490 | 0 | |a La Biblioteca del Catequista. Formación | |
| 999 | |c 314987 |d 314985 | ||
| 952 | |0 0 |1 0 |4 0 |6 268_600000000000000_DEV_2002 |7 0 |8 A |9 387859 |a BIBTEO |b BIBTEO |d 2019-11-22 |i 411860K |o 268.6 DEV 2002 |p 411860K |r 2025-01-17 |w 2019-11-22 |y BK |k ICR | ||